Профессиональный иностранный язык (английский). Часть 2 / ДО 2017 (15.03.01): электронный курс
| 1. autor: | |
|---|---|
| Korporacja: | |
| Streszczenie: | Заглавие с экрана Курс Профессиональный иностранный язык (английский). Часть 2 (15.03.01) / ДО 2017 предназначен для студентов 3 курса 6 семестра направления подготовки 15.03.01. Основной целью данного курса является совершенствование иноязычной коммуникативной компетенции студентов, необходимой для осуществления профессиональной деятельности и позволяющей им использовать иностранный язык в профессиональной сфере. Обучающая цель - поддержание ранее приобретённых навыков и умений иноязычного общения и их использование как базы для развития коммуникативной компетенции в профессиональной сфере общения. Развивающая цель - развитие профессионально значимых умений и опыта иноязычного общения в таких видах речевой деятельности как: чтение, аудирование и перевод технической литературы в условиях профессионального общения; а также повышение уровня учебной автономии, развитие потребности к самообразованию. Доступ по логину и паролю |
| Język: | rosyjski |
| Wydane: |
Томск, TPU Moodle, 2020
|
| Hasła przedmiotowe: | |
| Dostęp online: | https://design.lms.tpu.ru/course/view.php?id=3360 |
| Format: | Elektroniczne Książka |
| KOHA link: | https://koha.lib.tpu.ru/cgi-bin/koha/opac-detail.pl?biblionumber=666248 |
MARC
| LEADER | 00000nlm0a2200000 4500 | ||
|---|---|---|---|
| 001 | 666248 | ||
| 005 | 20240125132831.0 | ||
| 035 | |a (RuTPU)RU\TPU\network\37452 | ||
| 035 | |a RU\TPU\network\37451 | ||
| 090 | |a 666248 | ||
| 100 | |a 20211213d2020 m y0rusy50 ca | ||
| 101 | 0 | |a rus | |
| 102 | |a RU | ||
| 105 | |a a j 000zy | ||
| 135 | |a jrcn ---uucaa | ||
| 181 | 0 | |a i | |
| 182 | 0 | |a b | |
| 200 | 1 | |a Профессиональный иностранный язык (английский). Часть 2 / ДО 2017 (15.03.01) |e электронный курс |f В. С. Новикова |g Национальный исследовательский Томский политехнический университет, Школа базовой инженерной подготовки, Отделение иностранных языков | |
| 203 | |a Текст |c электронный | ||
| 210 | |a Томск |c TPU Moodle |d 2020 | ||
| 300 | |a Заглавие с экрана | ||
| 330 | |a Курс Профессиональный иностранный язык (английский). Часть 2 (15.03.01) / ДО 2017 предназначен для студентов 3 курса 6 семестра направления подготовки 15.03.01. Основной целью данного курса является совершенствование иноязычной коммуникативной компетенции студентов, необходимой для осуществления профессиональной деятельности и позволяющей им использовать иностранный язык в профессиональной сфере. Обучающая цель - поддержание ранее приобретённых навыков и умений иноязычного общения и их использование как базы для развития коммуникативной компетенции в профессиональной сфере общения. Развивающая цель - развитие профессионально значимых умений и опыта иноязычного общения в таких видах речевой деятельности как: чтение, аудирование и перевод технической литературы в условиях профессионального общения; а также повышение уровня учебной автономии, развитие потребности к самообразованию. | ||
| 333 | |a Доступ по логину и паролю | ||
| 606 | 1 | |a Английский язык |x Учебные руководства и пособия |x Учебные руководства и пособия для высшей школы |2 stltpush |3 (RuTPU)RU\TPU\subj\29071 |9 52483 | |
| 610 | 1 | |a электронный ресурс | |
| 610 | 1 | |a труды учёных ТПУ | |
| 610 | 1 | |a электронные учебные пособия | |
| 610 | 1 | |a учебные пособия | |
| 610 | 1 | |a Moodle | |
| 610 | 1 | |a e-learning | |
| 610 | 1 | |a иноязычные коммуникации | |
| 610 | 1 | |a коммуникативные компетенции | |
| 610 | 1 | |a иностранный язык | |
| 610 | 1 | |a профессиональная среда | |
| 610 | 1 | |a аутентичные материалы | |
| 610 | 1 | |a текстовые материалы | |
| 610 | 1 | |a грамматические навыки | |
| 610 | 1 | |a устная речь | |
| 610 | 1 | |a письменная речь | |
| 610 | 1 | |a словарный запас | |
| 610 | 1 | |a грамматическое строение | |
| 610 | 1 | |a переводы | |
| 686 | |a Ш143.21-923 |2 rubbk | ||
| 700 | 1 | |a Новикова |b В. С. |c лингвист |c старший преподаватель Томского политехнического университета |f 1984- |g Вера Станиславовна |3 (RuTPU)RU\TPU\pers\30907 |9 15145 | |
| 712 | 0 | 2 | |a Национальный исследовательский Томский политехнический университет |b Школа базовой инженерной подготовки |b Отделение иностранных языков |3 (RuTPU)RU\TPU\col\23510 |
| 801 | 2 | |a RU |b 63413507 |c 20211213 |g RCR | |
| 856 | 4 | |u https://design.lms.tpu.ru/course/view.php?id=3360 | |
| 942 | |c CF | ||